|
|
|
|
| LEADER |
00000nam a2200000 a 4500 |
| 001 |
vtls011582588 |
| 003 |
SK-MaSNL |
| 005 |
20260302085145.0 |
| 008 |
240318s2016 xo oa e n 000 0 slo |
| 015 |
|
|
|a SNBA2016/10
|
| 020 |
|
|
|a 9788085674491
|q (viaz.)
|
| 035 |
|
|
|a B244889C-020C-4FE2-917F-CF1B3BF5F500
|
| 035 |
|
|
|a urn:nbn:sk:snk-am3h76l
|
| 035 |
|
|
|a urn:nbn:sk:snk-am00cpqu
|
| 040 |
|
|
|a SNK
|b slo
|c SNK
|e AACR2
|
| 041 |
0 |
|
|a slo
|b eng
|
| 044 |
|
|
|a xo
|c SK
|
| 072 |
|
7 |
|a 616
|x Patológia. Klinická medicína
|2 konspekt
|
| 080 |
|
|
|a 616.72
|2 2011
|
| 080 |
|
|
|a 616.72-072.1
|2 2011
|
| 080 |
|
|
|a 617.57
|2 2011
|
| 080 |
|
|
|a (048.8)
|2 2011
|
| 100 |
1 |
|
|a Cigaňák, Jaroslav
|4 aut
|9 12537
|
| 245 |
1 |
0 |
|a Artroskopia zápästia
|c Jaroslav Cigaňák
|
| 250 |
|
|
|a 1. vyd.
|
| 260 |
|
|
|a Prievidza
|b Patria I.
|c 2016
|
| 300 |
|
|
|a 87 s.
|b fotogr., ilustr.
|c 22 cm
|
| 366 |
|
|
|e 500 výt.
|
| 504 |
|
|
|a Bibliogr.: s. 83-86 ; zoznam skratiek
|
| 546 |
|
|
|a Res. angl.
|
| 650 |
0 |
7 |
|a choroby kĺbov
|2 SNKPH
|9 23751
|
| 650 |
0 |
7 |
|a Joint diseases
|2 SNKPHeng
|9 345609
|
| 650 |
0 |
7 |
|a artroskopia
|2 SNKPH
|9 14644
|
| 650 |
0 |
7 |
|a Arthroscopy
|2 SNKPHeng
|9 345610
|
| 650 |
0 |
7 |
|a horné končatiny
|2 SNKPH
|9 114419
|
| 650 |
0 |
7 |
|a Upper extremities
|2 SNKPHeng
|9 420400
|
| 655 |
|
7 |
|a monografie
|2 SNKPH
|9 70139
|
| 655 |
|
7 |
|a Monographs
|2 SNKPHeng
|9 120675
|
| 852 |
|
|
|a Štátna vedecká knižnica v Banskej Bystrici
|
| 919 |
|
|
|a 978-80-85674-49-1
|
| 958 |
|
|
|a NB
|
| 958 |
|
|
|a MI
|
| 999 |
|
|
|c 1190939
|d 1192869
|
| 952 |
|
|
|a SNK
|b SNK
|y PREZ
|7 0
|p 17A1215769
|o snkSC 171510
|i snk2016/23102
|8 0
|0 0
|1 0
|4 0
|d 2016-10-04
|f 1
|l 0
|r 2025-09-10 00:00:00
|w 2026-02-24
|
| 952 |
|
|
|a SNK
|b SNK
|y VYP
|7 0
|p 17A1215770
|o snkSC 171510 D1
|i snk2016/23103
|8 0
|0 0
|1 0
|4 0
|d 2016-10-04
|l 0
|r 2026-02-24 22:10:58
|w 2026-02-24
|
| 952 |
|
|
|t snkCIG 616.72
|a SNKUST
|b SNKUST
|y PREZ
|7 0
|p 17A1252543
|o snkSC 171510 D2
|i snk2017/3511
|8 1
|0 0
|1 0
|4 0
|d 2017-02-08
|l 0
|r 2025-04-29 00:00:00
|w 2026-02-24
|